Sports Quiz

Random Sports or NBA Quiz

Can you name these nba legends fromthere#ofchampionship Quiz Stats

 Plays Quiz not verified by Sporcle

Challenge
Share
Tweet
Embed
Score 0/20 Timer 10:00
0 Plays Today
Hint Answer % Correct
11bill russell
90.9%
5kobe bryant
22.7%
6pippen
18.2%
6 micheal jordan
13.6%
4shaq oneal
13.6%
3james
13.6%
3larry bird
9.1%
2Hakeem Olajuwon
9.1%
1kareem abdul jabbar
9.1%
5magic johnson
9.1%
Hint Answer % Correct
3wade
4.5%
1cuury
4.5%
1dirk nowitzki
4.5%
5rodman
4.5%
0malone
4.5%
5dunacn
0%
2thomas
0%
1love
0%
1ivering
0%
0stockon
0%

You're not logged in!

Compare scores with friends on all Sporcle quizzes.
Join for Free
OR
Log In

You Might Also Like...

Show Comments

Extras

Created Apr 2, 2017ReportNominate
Tags:NBA Quiz, Championship, legend

Top Quizzes Today


Score Distribution

Your Account Isn't Verified!

In order to create a playlist on Sporcle, you need to verify the email address you used during registration. Go to your Sporcle Settings to finish the process.

Report this User

Report this user for behavior that violates our Community Guidelines.

Details: